Statistics for Hong Kong Bus Termini Picture Quiz 巴士總站相片測試

Click here to take the quiz!

General Stats

  • This quiz has been taken 135 times
  • The average score is 8 of 15

Answer Stats

Answer% Correct
Star Ferry 尖沙咀碼頭
91%
Lam Tin 藍田
90%
Sheung Shui 上水
68%
Kwun Tong Ferry 觀塘碼頭
64%
Mui Wo 梅窩
64%
Siu Sai Wan (Island Resort) 小西灣(藍灣半島)
60%
Moreton Terrace 摩頓台
55%
Shatin Central 沙田市中心
51%
Tsz Wan Shan Central 慈雲山中
51%
Wong Shek Pier 黃石碼頭
50%
Cheung On 長安
46%
Stanley Village 赤柱村
41%
To Wah Road 渡華路
30%
Hankow Road (The Peninsula) 漢口道(半島酒店)
24%
Riviera Gardens 海濱花園
22%

Score Distribution

Percentile by Number Answered

Percent of People with Each Score

Your Score History

You have not taken this quiz